000 00853cam a22002897a 4500
003 CHAP
005 20220329140439.0
008 971013c19541942 r 00010 d
010 _a52092
011 _a53064
035 _a57214
040 _cCHAP
082 _a636.08
_bW55
100 0 0 _aWinters, Lawrence M.
_9122314
245 1 3 _aAn introduction to breedings farm animals
260 _aNew York :
_bWiley,
_c1954 (c.1942)
300 _a250 p.
_b: ilus.
590 _aBATCH-UPD
_b10
_c20130110
_lUCH01
_h0832
590 _aBATCH-UPD
_b10
_c20130410
_lUCH01
_h0510
590 _aBATCH-UPD
_b10
_c20130914
_lUCH01
_h1459
590 _aCONVERSION
_b10
_c20130109
_lUCH01
_h1328
650 1 4 _aAnimales domesticos.
_95889
650 1 4 _aGanaderĂ­a.
_944604
901 _aBK
942 _cLIBRO
949 _a636.08 W55
_bBC
_cBPA
_d-124596
_eBPA
_h24217
_i57214
_si
999 _c52092
_d52092